BPF joins RICS to get lease code accepted (Record no. 71560)

MARC details
000 -LEADER
fixed length control field 01079cam a2200229 4500
001 - CONTROL NUMBER
control field WB3842-14
008 - FIXED-LENGTH DATA ELEMENTS--GENERAL INFORMATION
fixed length control field 021113n2002 000 0 eng u
035 ## - SYSTEM CONTROL NUMBER
System control number (Sirsi) u120444
245 ## - TITLE STATEMENT
Title BPF joins RICS to get lease code accepted
260 ## - PUBLICATION, DISTRIBUTION, ETC.
Date of publication, distribution, etc. 2002
490 ## - SERIES STATEMENT
Series statement Property Week
Volume/sequential designation 67(43) 8 November 2002, 5(1)
520 ## - SUMMARY, ETC.
Summary, etc. The British Property Federation (BPF) urges its member to adopt the voluntary "Code of practice for commercial leases England and Wales" to avoid legislation. The BPF has outlined a series of measures that include a checklist of 10 actions landlords should take to help them comply with the lease code; a logo for use in advertising and a series of good practice clauses to be used in correspondence with tenants. Checklist http://www.bpf.propertymall.com/ ; Code of practice http://www.commercialleasecodeew.co.uk/.
590 ## - LOCAL NOTE (RLIN)
Local note WB
650 ## - SUBJECT ADDED ENTRY--TOPICAL TERM
Topical term or geographic name entry element BPF
650 ## - SUBJECT ADDED ENTRY--TOPICAL TERM
Topical term or geographic name entry element COMMERCIAL LEASES
650 ## - SUBJECT ADDED ENTRY--TOPICAL TERM
Topical term or geographic name entry element CODE OF PRACTICE
650 ## - SUBJECT ADDED ENTRY--TOPICAL TERM
Topical term or geographic name entry element LANDLORDS
650 ## - SUBJECT ADDED ENTRY--TOPICAL TERM
Topical term or geographic name entry element TENANTS
650 ## - SUBJECT ADDED ENTRY--TOPICAL TERM
Topical term or geographic name entry element FLEXIBILITY
690 ## - LOCAL SUBJECT ADDED ENTRY--TOPICAL TERM (OCLC, RLIN)
Topical term or geographic name as entry element LANDLORD AND TENANT-LEASES
942 ## - ADDED ENTRY ELEMENTS (KOHA)
Suppress in OPAC 0
Holdings
Withdrawn status Lost status Source of classification or shelving scheme Damaged status Not for loan Home library Current library Shelving location Date acquired Total Checkouts Full call number Barcode Date last seen Copy number Price effective from Koha item type
    Dewey Decimal Classification     London London News article 13/11/2002   WB3842-14 120444-1001 06/08/2019 1 06/08/2019 News article